| 000 | 00669nam a2200217Ia 4500 | ||
|---|---|---|---|
| 008 | 160319s9999 xx 000 0 und d | ||
| 020 | _a9719356405 | ||
| 050 | _a400 | ||
| 050 | _bR671p 2006 | ||
| 100 | _aRoces, Marian Pastor | ||
| 245 | _aPuntóng Batangan : | ||
| 245 | _bkatwiran at dilà dine sa Batangas City = accent, polemic, and tongue, Batangas City | ||
| 245 | _cMarian Pastor Roces ; with photographs by Neal Oshima. | ||
| 260 | _bTao Management Inc. | ||
| 260 | _c2006 | ||
| 300 | _a207 pages : | ||
| 300 | _billustrations (some color) ; | ||
| 300 | _c24 x 29 cm | ||
| 650 | _aBatangas (Philippines) | ||
| 650 | _aPhilippines -- Batangas. | ||
| 999 |
_c292145 _d292145 |
||